| 000 | 01935nam a2200253Ia 4500 | ||
|---|---|---|---|
| 008 | 260220t1953||||xx |||||||||||||| ||spa|| | ||
| 040 |
_aPY-SlUNAC _bspa _erda |
||
| 041 | _aspa | ||
| 082 |
_a631.41 _bT511m |
||
| 100 |
_aTirado Sulsona, Pedro _eAutor |
||
| 245 | 0 |
_aMétodos para el análisis de suelos y plantas adaptados en el laboratorio de suelos / _cpor Pedro Tirado Sulsona [Autor] y Alvaro Gómez Silió [Autor] |
|
| 264 |
_aAsunción : _bMinisterio de Agricultura y Ganadería, _c℗1953. |
||
| 300 | _a1 volumen | ||
| 520 | _aEl libro "Métodos para el análisis de suelos y plantas adaptados en el laboratorio de suelos" de Pedro Tirado Sulsona, publicado en 1953 por el Ministerio de Agricultura y Ganadería de Paraguay, presenta una serie de técnicas y procedimientos para evaluar la calidad y fertilidad del suelo, así como la salud de las plantas. Tirado Sulsona aborda la importancia del análisis químico y físico del suelo, explicando cómo estos métodos pueden ser aplicados en el contexto agrícola para optimizar la producción y sostenibilidad de los cultivos. El autor proporciona un enfoque práctico, adaptando los métodos a las condiciones locales y los recursos disponibles, lo que lo convierte en una herramienta valiosa para agrónomos, investigadores y técnicos del área. Además, se enfatiza la relación entre las características del suelo y el desarrollo de las plantas, promoviendo un entendimiento integral de la agronomía y su impacto en la producción agrícola en Paraguay. Este trabajo se posiciona como un referente en la investigación agronómica de su época. | ||
| 653 | _aAgricultura | ||
| 653 | _aAnálisis de suelos | ||
| 653 | _aMétodos de laboratorio | ||
| 700 |
_aGómez Silió, Alvaro _eAutor |
||
| 942 |
_b2026/02/17 _cBK |
||
| 999 |
_c8621 _d8621 |
||